000 00324nam a22001457a 4500
003 SGT
020 _a9788190899833
082 _a070
_bS09A
100 _aARORA, ASHOK
245 _aSIMPLE TIPS FOR SURESHOT SUCCESS
260 _aNEW DELHI
_bGYAN PUBLISHER
_c2009
300 _a236
650 _aJOURNALISM
942 _2ddc
_cBK
999 _c18731
_d18731